000 00367cam a22001217a 4500
008 180718b1966 xxu||||| |||| 00| 0 eng d
082 _aT2161x54 J639
100 _aJohnson, William A.
245 _aThe steel industry of India
_cby William A. Johnson
260 _aBombay
_bOxford University Press
_c1966
300 _a340p.
650 _aSteel Industry and Trade - India
999 _c371664
_d371664